| 000 | 00711cam a2200217 a 4500 | ||
|---|---|---|---|
| 001 | 000002375 | ||
| 005 | 20200929150205.0 | ||
| 008 | 770525s1966 enka b 001 0 eng d | ||
| 040 |
_aDO-SdBNP _bspa _cBNPHU |
||
| 082 |
_annn _bP467a |
||
| 245 | 0 | 0 |
_aPersonality assessment : _bselected readings / _cedited by Boris Semeonoff. |
| 260 |
_aHarmondsworth : _bPenguin, _c1966. |
||
| 300 |
_a443, [5] p. : _billus. ; _c19 cm. |
||
| 490 | 1 |
_aPenguin modern psychology _v8/6 |
|
| 500 | _aIncluyed index | ||
| 504 | _aBibliography: p. 425-426. | ||
| 650 | 0 |
_aPersonality assessment. _97549 |
|
| 700 | 1 |
_aSemeonoff, Boris, _eed. _97550 |
|
| 830 | 0 |
_aPenguin modern psychology _n8/6 _97551 |
|
| 910 | _aCatalogación derivada | ||
| 999 |
_c2215 _d2215 |
||